[Event "Grenzturnering 10th"]
[Site "Leck,Tonder,Niebuell,Logumklo"]
[Date "2019.11.25"]
[Round "4"]
[White "Falsig, Niels"]
[Black "Wang, Peter"]
[Result "0-1"]
[WhiteElo "1795"]
[BlackElo "1840"]
[PlyCount "63"]
[EventDate "2019.09.20"]
[EventType "swiss"]
[EventRounds "9"]
[EventCountry "DEN"]
[SourceTitle "EXT 2021"]
[Source "ChessBase"]
[SourceDate "2020.10.23"]
[SourceVersion "1"]
[SourceVersionDate "2020.10.23"]
[SourceQuality "1"]

1. d4 d6 2. Nf3 Nd7 3. c4 e5 4. d5 Ngf6 5. Nc3 Be7 6. e4 Nc5 7. Qc2 a5 8. Be3 b6 9. Bxc5 bxc5 10. Be2 0-0 11. 0-0 g6 12. Nd2 Ng4 13. h3 Nh6 14. f4 exf4 15. Rxf4 Bg5 16. Rf3 Bf6 17. Bd3 Bd4+ 18. Kh1 Bd7 19. Ne2 Be5 20. Rb1 Qh4 21. Nf1 f5 22. Kg1 fxe4 23. Bxe4 Rxf3 24. Bxf3 Bf5 25. Qc1 Bxb1 26. Qxb1 Qxc4 27. b3 Qh4 28. Qd3 Nf5 29. g4 Nd4 30. Nxd4 Bxd4+ 31. Kg2 Qf2+ 32. Kh1 0-1

[Event "Grenzturnering 10th"]
[Site "Leck,Tonder,Niebuell,Logumklo"]
[Date "2019.11.11"]
[Round "3"]
[White "Wang, Peter"]
[Black "Langner, Michel"]
[Result "1-0"]
[WhiteElo "1840"]
[BlackElo "1811"]
[PlyCount "71"]
[EventDate "2019.09.20"]
[EventType "swiss"]
[EventRounds "9"]
[EventCountry "DEN"]
[SourceTitle "EXT 2021"]
[Source "ChessBase"]
[SourceDate "2020.10.23"]
[SourceVersion "1"]
[SourceVersionDate "2020.10.23"]
[SourceQuality "1"]

1. e4 c6 2. d4 d5 3. exd5 cxd5 4. b3 Nc6 5. Bb2 Nf6 6. Bd3 Bg4 7. Nf3 e6 8. 0-0 Bd6 9. h3 Bh5 10. Re1 Bb8 11. g4 Nxg4 12. hxg4 Bxg4 13. Kg2 Qf6 14. Nbd2 Bf4 15. Nf1 Ne7 16. Ne3 Bh5 17. c4 Bxe3 18. Rxe3 Ng6 19. Qh1 0-0 20. Kf1 Nf4 21. Rae1 Nxd3 22. Rxd3 Bg6 23. Rde3 Be4 24. Qh3 Rac8 25. Ne5 Rc7 26. Rg3 b5 27. c5 Qe7 28. Ng4 Bg6 29. Qh2 f6 30. f4 e5 31. f5 Be8 32. dxe5 fxe5 33. Rxe5 Qxc5 34. Rc3 Qd6 35. Rxc7 Qxc7 36. Rxe8 1-0

[Event "Koge Xtracon op"]
[Site "Koge"]
[Date "2015.10.17"]
[Round "8"]
[White "Nielsen, Jan Mose"]
[Black "Wang, Peter"]
[Result "1-0"]
[WhiteElo "2014"]
[BlackElo "1888"]
[PlyCount "75"]
[EventDate "2015.10.12"]
[EventType "swiss"]
[EventRounds "9"]
[EventCountry "DEN"]
[SourceTitle "CBM 168 Extra"]
[Source "ChessBase"]
[SourceDate "2015.10.29"]
[SourceVersion "1"]
[SourceVersionDate "2015.10.29"]
[SourceQuality "1"]

1. d4 e6 2. c4 d5 3. Nc3 c6 4. e4 Nf6 5. Bg5 Be7 6. Bxf6 Bxf6 7. Nf3 b6 8. cxd5 cxd5 9. exd5 exd5 10. Bb5+ Kf8 11. 0-0 g6 12. Qa4 Kg7 13. Ne5 a6 14. Rad1 Bb7 15. Be2 Qd6 16. Bf3 Rd8 17. Qb3 Be7 18. Ng4 Qb4 19. Qc2 Qc4 20. Qd2 Qc8 21. Qh6+ Kg8 22. Rfe1 Qc7 23. Bxd5 Nc6 24. Bxf7+ Kh8 25. Bxg6 Bf8 26. Qh5 Nxd4 27. Ne5 Qg7 28. Nf7+ Kg8 29. Nxd8 Rxd8 30. Be4 Bc8 31. Bxh7+ Qxh7 32. Qg5+ Qg7 33. Qxd8 Bb7 34. Nd5 Nf3+ 35. Kh1 Nxe1 36. Rxe1 Qh6 37. Re3 Qh5 38. Nf6+ 1-0

[Event "Koge Xtracon op"]
[Site "Koge"]
[Date "2015.10.17"]
[Round "7"]
[White "Wang, Peter"]
[Black "Jacobsen, Mikkel Manosri"]
[Result "1/2-1/2"]
[WhiteElo "1888"]
[BlackElo "2331"]
[PlyCount "78"]
[EventDate "2015.10.12"]
[EventType "swiss"]
[EventRounds "9"]
[EventCountry "DEN"]
[SourceTitle "CBM 168 Extra"]
[Source "ChessBase"]
[SourceDate "2015.10.29"]
[SourceVersion "1"]
[SourceVersionDate "2015.10.29"]
[SourceQuality "1"]

1. d4 d5 2. Nf3 Nf6 3. e3 Bg4 4. Be2 e6 5. 0-0 Bd6 6. b3 Ne4 7. Bb2 Nd7 8. Nbd2 Nxd2 9. Nxd2 h5 10. e4 dxe4 11. Nxe4 Nf6 12. Nxd6+ Qxd6 13. c4 0-0-0 14. f3 Bf5 15. Qe1 c6 16. Qc3 h4 17. Rad1 Nh5 18. Qa5 h3 19. g4 Nf4 20. Rf2 Nxe2+ 21. Rxe2 Qf4 22. Rf2 Bxg4 23. Bc1 Qf5 24. Qc3 e5 25. d5 e4 26. fxe4 Qg6 27. Rd3 Bf3+ 28. Kf1 Bg2+ 29. Ke1 Qxe4+ 30. Re3 Qg6 31. Re7 Rhe8 32. Qe5 Rxe7 33. Qxe7 f5 34. Re2 Be4 35. Bf4 Qg1+ 36. Kd2 Qd4+ 37. Ke1 Qg1+ 38. Kd2 Qd4+ 39. Ke1 Qg1+ 1/2-1/2

[Event "Koge Xtracon op"]
[Site "Koge"]
[Date "2015.10.15"]
[Round "4"]
[White "Wang, Peter"]
[Black "Chittka, Julius"]
[Result "0-1"]
[WhiteElo "1888"]
[BlackElo "2053"]
[PlyCount "84"]
[EventDate "2015.10.12"]
[EventType "swiss"]
[EventRounds "9"]
[EventCountry "DEN"]
[SourceTitle "CBM 168 Extra"]
[Source "ChessBase"]
[SourceDate "2015.10.29"]
[SourceVersion "1"]
[SourceVersionDate "2015.10.29"]
[SourceQuality "1"]

1. e4 c5 2. Nf3 Nc6 3. d4 cxd4 4. Nxd4 g6 5. Nc3 Bg7 6. Be3 Nf6 7. Be2 0-0 8. Qd2 d5 9. exd5 Nxd5 10. Nxd5 Nxd4 11. Bxd4 Qxd5 12. Bxg7 Qxg2 13. Bxf8 Qxh1+ 14. Bf1 Qe4+ 15. Be2 Bh3 16. 0-0-0 Rxf8 17. Bd3 Qc6 18. Qe3 Be6 19. Kb1 b6 20. f4 Qc5 21. Re1 Qxe3 22. Rxe3 Kg7 23. b3 Rd8 24. Kb2 Kf6 25. Kc3 Rd5 26. Re2 Bf5 27. Bc4 Rd1 28. Rf2 Rd7 29. a4 e5 30. fxe5+ Kxe5 31. Rf1 f6 32. Rf2 Be4 33. Kb4 f5 34. Bb5 a5+ 35. Kc3 Rd8 36. Bc4 f4 37. Bf1 f3 38. Bd3 Bxd3 39. cxd3 Kf4 40. Kd2 g5 41. Rf1 Re8 42. Rf2 g4 0-1

[Event "Koge Xtracon op"]
[Site "Koge"]
[Date "2014.10.17"]
[Round "8"]
[White "Wang, Peter"]
[Black "Nielsen, Kai Gylling"]
[Result "1-0"]
[WhiteElo "1877"]
[BlackElo "1846"]
[PlyCount "93"]
[EventDate "2014.10.11"]
[EventType "swiss"]
[EventRounds "9"]
[EventCountry "DEN"]
[SourceTitle "EXT 2015"]
[Source "ChessBase"]
[SourceDate "2014.11.20"]
[SourceVersion "1"]
[SourceVersionDate "2014.11.20"]
[SourceQuality "1"]

1. e4 e5 2. Bc4 Nc6 3. Nf3 Be7 4. c3 Nf6 5. Qe2 d6 6. d3 a6 7. Bb3 h6 8. Nbd2 Bg4 9. Nf1 Qd7 10. h3 Be6 11. Ng3 Bxb3 12. axb3 Qe6 13. Nf5 Rg8 14. b4 d5 15. b5 Nd8 16. Nxe7 Kxe7 17. exd5 Nxd5 18. Nxe5 f6 19. Nf3 a5 20. Be3 Re8 21. 0-0 Kf7 22. Rfe1 Qd7 23. Nd4 Ne6 24. Qf3 Nxd4 25. Bxd4 Ne7 26. Qh5+ Kg8 27. Qc5 b6 28. Qc4+ Kh8 29. Be3 Rad8 30. d4 Nd5 31. Bd2 Qf5 32. Rac1 Re7 33. Qf1 Red7 34. Re2 Nf4 35. Re3 Nd5 36. Rf3 Qh5 37. c4 Ne7 38. d5 Ng6 39. Re3 Ne5 40. Rce1 Qg6 41. f4 Nf7 42. f5 Qh5 43. g4 Qh4 44. Bc3 h5 45. Qf4 Ng5 46. Kg2 Nxh3 47. Rxh3 1-0

[Event "Koge Xtracon op"]
[Site "Koge"]
[Date "2014.10.12"]
[Round "3"]
[White "Rozentalis, Eduardas"]
[Black "Wang, Peter"]
[Result "1-0"]
[WhiteElo "2600"]
[BlackElo "1877"]
[PlyCount "69"]
[EventDate "2014.10.11"]
[EventType "swiss"]
[EventRounds "9"]
[EventCountry "DEN"]
[SourceTitle "EXT 2015"]
[Source "ChessBase"]
[SourceDate "2014.11.20"]
[SourceVersion "1"]
[SourceVersionDate "2014.11.20"]
[SourceQuality "1"]

1. e4 e6 2. d4 d5 3. Nd2 Nf6 4. e5 Nfd7 5. Bd3 c5 6. c3 Nc6 7. Ne2 cxd4 8. cxd4 f6 9. exf6 Nxf6 10. Nf3 Bd6 11. 0-0 0-0 12. Bf4 Bxf4 13. Nxf4 Ne4 14. Qc1 Qd6 15. g3 g5 16. Bxe4 gxf4 17. Bd3 Bd7 18. Bb5 Rf6 19. Bxc6 Bxc6 20. Ne5 Bb5 21. Re1 Raf8 22. Qd2 f3 23. Rac1 Qe7 24. Qg5+ Kh8 25. Rc3 Qe8 26. Rc7 R6f7 27. Nxf7+ Rxf7 28. Rxf7 Qxf7 29. Qe5+ Kg8 30. Qxe6 Be2 31. Qc8+ Kg7 32. Rc1 Bc4 33. b3 Qh5 34. bxc4 Qg5 35. cxd5 1-0

[Event "Koge Xtracon op"]
[Site "Koge"]
[Date "2014.10.12"]
[Round "2"]
[White "Wang, Peter"]
[Black "Nielsen, John Holm"]
[Result "1/2-1/2"]
[WhiteElo "1877"]
[BlackElo "2022"]
[PlyCount "163"]
[EventDate "2014.10.11"]
[EventType "swiss"]
[EventRounds "9"]
[EventCountry "DEN"]
[SourceTitle "EXT 2015"]
[Source "ChessBase"]
[SourceDate "2014.11.20"]
[SourceVersion "1"]
[SourceVersionDate "2014.11.20"]
[SourceQuality "1"]

1. e4 e5 2. Bc4 Nf6 3. Qe2 Nc6 4. c3 d6 5. Nf3 Bg4 6. d3 Be7 7. Nbd2 0-0 8. Bb3 Na5 9. Bc2 c5 10. Nf1 d5 11. h3 Bxf3 12. Qxf3 d4 13. c4 a6 14. g4 b5 15. b3 Nc6 16. Ng3 bxc4 17. bxc4 Nb4 18. Bb3 g6 19. Bh6 Re8 20. Rg1 Bf8 21. Bd2 a5 22. Ba4 Re6 23. a3 Nc6 24. Bg5 Bg7 25. Nf5 Qb6 26. Bb5 a4 27. Bh6 Bh8 28. h4 Na5 29. Rd1 Nb3 30. h5 Ra7 31. Ng3 Bg7 32. Bg5 h6 33. Bd2 Nxd2 34. Rxd2 Nh7 35. Qd1 Ng5 36. Ke2 Nh3 37. Rh1 Nf4+ 38. Kf1 Kh7 39. Ne2 Rf6 40. Nxf4 Rxf4 41. f3 Bf6 42. Kg2 Bg5 43. Rb2 Qa5 44. Qc1 Qc7 45. Qd1 Rf6 46. Qe2 Be3 47. Qd1 Qa5 48. Qc2 Qc3 49. Ra2 Qb3 50. Rh3 Bc1 51. Rh1 Bxa3 52. Rha1 Qxc2+ 53. Rxc2 Bb4 54. Rxa4 Rxa4 55. Bxa4 Ra6 56. Ra2 Kg7 57. hxg6 fxg6 58. Bb3 Rxa2+ 59. Bxa2 Kf6 60. Bb3 Kg5 61. Ba4 Kf4 62. Kf2 h5 63. gxh5 gxh5 64. Bd7 Bd2 65. Bf5 Ba5 66. Bg6 Kg5 67. Bf5 Bd8 68. Kg3 Bf6 69. Bh3 h4+ 70. Kf2 Kf4 71. Bg4 Bd8 72. Be6 Ba5 73. Bg4 Bd2 74. Bf5 Kg5 75. Bh3 Bf4 76. Bd7 Bg3+ 77. Ke2 Kf4 78. Bh3 Kg5 79. Be6 Bf4 80. Bh3 Be3 81. Kf1 Kf4 82. Kg2 1/2-1/2

[Event "Koge Xtracon op"]
[Site "Koge"]
[Date "2014.10.11"]
[Round "1"]
[White "Severinsen, Frank"]
[Black "Wang, Peter"]
[Result "0-1"]
[WhiteElo "1792"]
[BlackElo "1877"]
[PlyCount "100"]
[EventDate "2014.10.11"]
[EventType "swiss"]
[EventRounds "9"]
[EventCountry "DEN"]
[SourceTitle "EXT 2015"]
[Source "ChessBase"]
[SourceDate "2014.11.20"]
[SourceVersion "1"]
[SourceVersionDate "2014.11.20"]
[SourceQuality "1"]

1. e4 e6 2. Nc3 d5 3. Bb5+ c6 4. Ba4 d4 5. Nce2 b5 6. Bb3 c5 7. a3 Nc6 8. d3 Bb7 9. c4 a6 10. Nf3 Bd6 11. cxb5 axb5 12. Bd2 Nf6 13. Qc2 0-0 14. e5 Nxe5 15. Nxe5 Bxe5 16. Qxc5 Nd7 17. Qxb5 Ba6 18. Qc6 Bxd3 19. Bd1 Bf6 20. Bb4 Ra6 21. Qf3 Ne5 22. Qg3 Re8 23. 0-0 Bf5 24. Re1 Nd3 25. Bc2 Nxe1 26. Bxf5 exf5 27. Rxe1 d3 28. Nf4 Rxe1+ 29. Bxe1 d2 30. Bxd2 Qxd2 31. h3 Qe1+ 32. Kh2 Be5 33. Qg5 h6 34. Qxf5 Rf6 35. Qc8+ Kh7 36. Qc2+ g6 37. g3 Bxf4 38. gxf4 Rxf4 39. Kg3 Qe5 40. Kg2 Qd5+ 41. Kg1 Rc4 42. Qb1 Qg5+ 43. Kh2 Rc1 44. Qxc1 Qxc1 45. b4 Qxa3 46. Kg2 Qxb4 47. f3 g5 48. Kg3 Qd2 49. h4 Kg6 50. Kg4 Qg2# 0-1

[Event "Faxe anniversity"]
[Site "Faxe"]
[Date "2014.05.14"]
[Round "4"]
[White "Wang, Peter"]
[Black "Petersen, Bent Wester"]
[Result "0-1"]
[WhiteElo "1814"]
[BlackElo "1892"]
[PlyCount "76"]
[EventDate "2014.03.26"]
[EventType "swiss"]
[EventRounds "7"]
[EventCountry "DEN"]
[SourceTitle "EXT 2023"]
[Source "ChessBase"]
[SourceDate "2022.10.05"]
[SourceVersion "1"]
[SourceVersionDate "2022.10.05"]
[SourceQuality "1"]

1. e4 c5 2. Nf3 Nc6 3. d4 cxd4 4. Nxd4 d6 5. Nc3 Nf6 6. Bg5 Qb6 7. Nb3 e6 8. Be3 Qd8 9. f4 Be7 10. Bd3 0-0 11. Qf3 Nb4 12. g4 d5 13. 0-0-0 e5 14. Nxd5 Nbxd5 15. exd5 Bxg4 16. Qg2 Bxd1 17. fxe5 Qxd5 18. Rg1 Qxg2 19. Rxg2 Ng4 20. Bf4 Bf3 21. Rg3 g5 22. Bd2 Nxe5 23. Bf5 Bc6 24. Nd4 Rad8 25. c3 Bd7 26. Bc2 Ng6 27. Bxg5 Bxg5+ 28. Rxg5 Kh8 29. Be4 b6 30. Bd3 Rde8 31. Kd2 Re7 32. b4 Rfe8 33. b5 Re5 34. Rg3 Rh5 35. Nf3 Bxb5 36. c4 Bc6 37. Ng5 Rxh2+ 38. Kc3 Kg7 0-1

[Event "Faxe anniversity"]
[Site "Faxe"]
[Date "2014.03.26"]
[Round "1"]
[White "Rasmussen, Frede"]
[Black "Wang, Peter"]
[Result "0-1"]
[WhiteElo "1456"]
[BlackElo "1814"]
[PlyCount "68"]
[EventDate "2014.03.26"]
[EventType "swiss"]
[EventRounds "7"]
[EventCountry "DEN"]
[SourceTitle "EXT 2023"]
[Source "ChessBase"]
[SourceDate "2022.10.05"]
[SourceVersion "1"]
[SourceVersionDate "2022.10.05"]
[SourceQuality "1"]

1. d4 Nf6 2. Bf4 d6 3. e3 c6 4. c3 Nbd7 5. Bd3 Qc7 6. Bg5 e5 7. Bxf6 Nxf6 8. dxe5 dxe5 9. e4 Be6 10. Nf3 Rd8 11. Qc2 h6 12. Nbd2 Be7 13. Nc4 Nd7 14. b4 0-0 15. 0-0 b5 16. Ne3 g6 17. a4 a6 18. Rfb1 Nf6 19. h3 Nh5 20. c4 Nf4 21. Bf1 Qb8 22. axb5 axb5 23. c5 Bf6 24. Ra6 Qb7 25. Rba1 Ra8 26. Rxa8 Rxa8 27. Qb2 Ra4 28. Rxa4 bxa4 29. Bc4 Qd7 30. Qa2 Bxc4 31. Qxc4 a3 32. Ng4 Kg7 33. Nfxe5 Qe6 34. Qc3 Ne2+ 0-1

[Event "Koge Xtracon op"]
[Site "Koge"]
[Date "2013.10.18"]
[Round "6"]
[White "Wang, Peter"]
[Black "Hansen, Lars Henrik Bech"]
[Result "1/2-1/2"]
[WhiteElo "1941"]
[BlackElo "2073"]
[PlyCount "32"]
[EventDate "2013.10.14"]
[EventType "swiss"]
[EventRounds "9"]
[EventCountry "DEN"]
[SourceTitle "EXT 2014"]
[Source "ChessBase"]
[SourceDate "2013.11.20"]
[SourceVersion "1"]
[SourceVersionDate "2013.11.20"]
[SourceQuality "1"]

1. e4 d6 2. Bc4 c6 3. Nf3 d5 4. exd5 cxd5 5. Bb5+ Bd7 6. Qe2 Bxb5 7. Qxb5+ Qd7 8. Nc3 e6 9. Ne5 Qxb5 10. Nxb5 Na6 11. d4 f6 12. Nd3 Rc8 13. c3 Nc7 14. Nxc7+ Rxc7 15. Bf4 Rc6 16. 0-0 g5 1/2-1/2

[Event "Borup op 6th"]
[Site "Borup"]
[Date "2012.09.23"]
[Round "9"]
[White "Wang, Peter"]
[Black "Christensen, Henrik"]
[Result "0-1"]
[WhiteElo "1971"]
[BlackElo "2026"]
[PlyCount "98"]
[EventDate "2012.09.14"]
[EventType "swiss"]
[EventRounds "9"]
[EventCountry "DEN"]
[SourceTitle "CBM 150 Extra"]
[Source "ChessBase"]
[SourceDate "2012.10.19"]
[SourceVersion "1"]
[SourceVersionDate "2012.10.19"]
[SourceQuality "1"]

1. d4 d5 2. Nf3 Nf6 3. e3 e6 4. Bd3 c5 5. b3 cxd4 6. exd4 Nc6 7. a3 Qc7 8. Bb2 Bd6 9. Qe2 0-0 10. 0-0 b6 11. Ne5 Bb7 12. g4 Ne4 13. f3 Nxd4 14. Bxd4 Bxe5 15. Bxe5 Qxe5 16. Ra2 Qd4+ 17. Kg2 Nc5 18. Rd1 Qf4 19. Nc3 Rac8 20. Qf2 d4 21. Ne2 Qxg4+ 22. Ng3 Nxd3 23. Rxd3 e5 24. h3 Qg5 25. Kh2 Qf4 26. Kg1 Rc6 27. Ne2 Rg6+ 28. Kh1 Qf5 29. Kh2 Be4 30. Rd2 Qxf3 31. Qxf3 Bxf3 32. Ng3 Bd5 33. Ra1 Rc8 34. Re1 Re6 35. h4 Rc3 36. Rg1 Kf8 37. Rf1 g6 38. h5 Rec6 39. Rff2 f5 40. Nxf5 gxf5 41. Rxf5+ Ke7 42. Rxe5+ Kd6 43. Ree2 Kc5 44. Re7 Kd6 45. Rxh7 Rxc2 46. Rxc2 Rxc2+ 47. Kg1 d3 48. Kf1 d2 49. Ke2 Bf3+ 0-1

[Event "Borup op 6th"]
[Site "Borup"]
[Date "2012.09.14"]
[Round "1"]
[White "Jacobsen, Mads Holger"]
[Black "Wang, Peter"]
[Result "1/2-1/2"]
[WhiteElo "2046"]
[BlackElo "1971"]
[PlyCount "96"]
[EventDate "2012.09.14"]
[EventType "swiss"]
[EventRounds "9"]
[EventCountry "DEN"]
[SourceTitle "CBM 150 Extra"]
[Source "ChessBase"]
[SourceDate "2012.10.19"]
[SourceVersion "1"]
[SourceVersionDate "2012.10.19"]
[SourceQuality "1"]

1. c4 Nf6 2. d4 g6 3. Nc3 Bg7 4. e4 d6 5. Nf3 0-0 6. Be2 e5 7. d5 Nbd7 8. Bg5 h6 9. Bh4 a5 10. Nd2 Nc5 11. 0-0 Bd7 12. b3 b6 13. a3 Qc8 14. b4 Nb7 15. f3 g5 16. Bf2 Re8 17. Nb3 Bf8 18. Be3 Be7 19. Qc2 Kg7 20. Rab1 Rg8 21. Nc1 Kf8 22. Nd3 Nh5 23. Kh1 Nf4 24. Nf2 h5 25. g3 Ng6 26. Qd2 h4 27. Bxg5 Bxg5 28. Qxg5 hxg3 29. hxg3 Rh8+ 30. Kg1 Nf4 31. Qf6 Rg8 32. Qh6+ Ke8 33. Kh2 Ng6 34. Kg2 axb4 35. axb4 Ra3 36. Nfd1 Rh8 37. Qc1 Bh3+ 38. Kf2 Bxf1 39. Qxa3 Bxe2 40. Nxe2 f5 41. Qe3 f4 42. gxf4 Qh3 43. Ke1 exf4 44. Qf2 Ne5 45. Rb3 Qh1+ 46. Qg1 Nxc4 47. Rc3 b5 48. Nf2 Qxg1+ 1/2-1/2